000 00409nam a22001697a 4500
003 MPLRDC
005 20220104123749.0
008 210129b ||||| |||| 00| 0 eng d
082 _a414.8 CCR
100 _a陈存仁主编
245 _a伤科跌打验方
_c
260 _a
_b震旦图书公司
_c
300 _b
490 _a中国名医验方汇编. 1
650 _a医话
942 _cBK
_o414.8 CCR
999 _c14004
_d13994